zpět

Detail výsledku týmu

MusiClub Drago, Nový Jičín

Datum a čas kvízu

33 Celkem bodů Celkový počet nahraných bodů na tomto kvízu bez doplňovacích otázek.
4. Pořadí na kvízu Konečné umístění týmu na tomto kvízu.

Zaznamenané odpovědi

# Otázka Odpověď Body Výsledky
1. Kostel svatého Vintíře v Dobré... 1
2. Pětačtyřicetiletý pastor, kter... 1
3. Bývalý šéf Bílého domu se nyní... 1
4. Ruský výrobce minerálních vod... 0
5. Druhý letošní grandslamový tur... 0
6. Fanoušky na celém světě si po... 1
7. Ke které deskové hře odkazuje... 1
8. Ve hře Osadníci z Katanu je mo... 1
9. Ze které evropské země pochází... 1
10. Napište jméno této postavy z k... 1